Statistics for Harry Potter groups of four

Click here to take the quiz!

General Stats

  • This quiz has been taken 1,479 times
  • The average score is 30 of 36

Answer Stats

HintAnswer% Correct
OwlsHedwig
98%
Hogwarts HousesHufflepuff
98%
Hogwarts HousesRavenclaw
98%
Hogwarts HousesSlytherin
98%
DursleysDudley
97%
Hogwarts HousesGryffindor
97%
Triwizard ChampionsHarry Potter
97%
Harry's RoommatesRon Weasley
97%
Triwizard ChampionsCedric Diggory
96%
House ElvesDobby
96%
DursleysPetunia
95%
Hogwarts House GhostsNearly-Headless Nick
94%
Harry's RoommatesNeville Longbottom
94%
DursleysVernon
94%
Triwizard ChampionsViktor Krum
94%
Triwizard ChampionsFleur Delacour
93%
The MaraudersJames Potter
93%
Harry's RoommatesSeamus Finnigan
92%
The MaraudersSirius Black
92%
The MaraudersPeter Pettigrew
91%
The MaraudersRemus Lupin
91%
Harry's RoommatesDean Thomas
90%
DursleysMarge
87%
Hogwarts House GhostsBloody Baron
81%
House ElvesKreacher
80%
Hogwarts House GhostsGrey Lady
77%
House ElvesWinky
76%
CentaursFirenze
75%
OwlsPigwidgeon
72%
OwlsErrol
70%
Hogwarts House GhostsFat Friar
67%
OwlsHermes
53%
CentaursBane
49%
House ElvesHokey
40%
CentaursRonan
29%
CentaursMagorian
22%

Score Distribution

Percentile by Number Answered

Percent of People with Each Score

Your Score History

You have not taken this quiz